Evolución de la histopatología y la terapéutica del tracoma / (Record no. 132710)

MARC details
000 -LEADER
campo de control de longitud fija 00619nam a2200193 4500
001 - NÚMERO DE CONTROL
campo de control 132710
003 - IDENTIFICADOR DE NÚMERO DE CONTROL
campo de control ES-MaACL
005 - FECHA Y HORA DE LA ÚLTIMA TRANSACCIÓN
campo de control 20251011063136.0
007 - CAMPO FIJO DE DESCRIPCIÓN FÍSICA--INFORMACIÓN GENERAL
campo de control de longitud fija t|
008 - DATOS DE LONGITUD FIJA--INFORMACIÓN GENERAL
campo de control de longitud fija 070214s1961 mx r ||||1| spa d
100 0# - ENTRADA PRINCIPAL--NOMBRE DE PERSONA
Nombre de persona Ros, Antonio,
Títulos y otros términos asociados al nombre (Médico)
9 (RLIN) 99566
245 10 - MENCIÓN DEL TÍTULO
Título Evolución de la histopatología y la terapéutica del tracoma /
Mención de responsabilidad, etc. Antonio Ros ; prólogo del Dr. Louis Guillaumat.
260 ## - PUBLICACIÓN, DISTRIBUCIÓN, ETC.
Lugar de publicación, distribución, etc. México :
Nombre del editor, distribuidor, etc. Galas,
Fecha de publicación, distribución, etc. 1961.
300 ## - DESCRIPCIÓN FÍSICA
Extensión 82 p. ;
Dimensiones 19 cm.
700 1# - ENTRADA AGREGADA--NOMBRE PERSONAL
Nombre de persona Guillaumat, Louis.
9 (RLIN) 60720
852 ## - LOCALIZACIÓN
Ubicación ES-MaACL
Número de control de estantería G-9660
Sublocalización o colección R.47660
852 ## - LOCALIZACIÓN
Ubicación ES-MaACL
Número de control de estantería G-9662
Sublocalización o colección R.47661
Holdings
Estatus retirado Estado de pérdida Estado de daño No para préstamo Biblioteca de origen Biblioteca actual Ubicación en estantería Fecha de adquisición Fuente de adquisición Total de préstamos Signatura topográfica completa Código de barras Visto por última vez Precio de reemplazo Tipo de ítem Koha
        Biblioteca del Ateneo de Madrid Biblioteca del Ateneo de Madrid Sala Pecera Planta 3 17/01/2008     G-9662 1138163 23/02/2023 23/02/2023 Libro impreso
        Biblioteca del Ateneo de Madrid Biblioteca del Ateneo de Madrid Sala Pecera Planta 3 17/01/2008     G-9660 1138162 23/02/2023 23/02/2023 Libro impreso